Cabo genético: viaje al corazón de la vida
Enregistré dans:
| Auteur principal: | |
|---|---|
| Format: | Livre |
| Langue: | espagnol |
| Publié: |
Barcelona
ASEM
1995
|
| Édition: | 2a. ed |
| Sujets: | |
| Tags: |
Ajouter un tag
Pas de tags, Soyez le premier à ajouter un tag!
|
MARC
| LEADER | 00000nam a2200000 a 4500 | ||
|---|---|---|---|
| 001 | UCN2841 | ||
| 003 | CL-VaPUC | ||
| 008 | 010608e19950000SP |||||||||||||||||spa|d | ||
| 082 | 0 | 4 | |a 372.35 |b COR |2 21 |
| 100 | 0 | |a Cornillon, Luc |e author |9 459038 | |
| 245 | 1 | 0 | |a Cabo genético: viaje al corazón de la vida |
| 250 | |a 2a. ed | ||
| 300 | |a 32 p | ||
| 942 | |c BK | ||
| 945 | |d 20010608 00:00:00 |a cmena | ||
| 260 | |a Barcelona |b ASEM |c 1995 | ||
| 650 | 0 | |a Educación básica |9 224933 | |
| 650 | 0 | |a Genética |9 259443 | |
| 650 | 0 | |a Métodos de enseñanza |9 270413 | |
| 650 | 7 | |a MUTACIONES GENETICAS |2 CL-VaPUC |9 459039 | |
| 650 | 0 | |a Enfermedades |9 263059 | |
| 583 | |a last modification |c 20130608 06:42:58 |k Rodrigo Vera | ||
| 999 | |c 295864 |d 295862 | ||
| 952 | |0 0 |1 0 |4 0 |6 372_350000000000000_COR_1995 |7 0 |8 P |9 349259 |a BIBEDU |b BIBEDU |d 2019-11-20 |i 3720942 |o 372.35 COR 1995 |p 3720942 |r 2019-11-20 |w 2019-11-20 |y BK |k BME | ||